Responses for Show #5194 - Thursday, March 22, 2007

Contestants

[<< previous game]

Alison Fowler, an administrator from Portland, Oregon

Connie Walters, a freelance music teacher from Jamesville, New York

Paul Horwitz, a professor from Los Angeles, California (whose 1-day cash winnings total $30,500)

[next game >>]

Jeopardy! Round responses

THE BIBLE
THE BOOK OF RUTH
JUDGES
"EX"ODUS
ROMANS
JOB
(Alex: Not Job, but "jahb". A little twist for us there.)
    $200 2
prophets

Alison
    $200 7
(Alex: It was [*]. [*] Herman Ruth.)

George

Triple Stumper
    $200 1
Saddam Hussein

Connie
    $200 13
to exaggerate

Paul
    $200 20
Gaul

Paul
    $200 18
foxhunting

Paul
    $400 3
Thessalonians (or Corinthians)

Connie
    $400 8
the Dodgers

Paul
    $400 9
the Scopes trial

Alison
    $400 14
Excalibur

Connie
    $400 21
Narnia

Connie
    $400 26
a nose

Connie
    $600 4
parables

Alison
    $600 19
the Boston Red Sox

Connie
    $500 10
(Alex: [*]. The trial of the [*] Eight. Yes.)

Chicago

Alison
    $600 15
an extrovert

Alison
    $600 22
the Punic Wars

Paul
    $600 27
the Queen

Connie
    $800 5
the Psalms

Connie
    $800 23
(Connie: What is 711?)
(Alex: No.)
(Connie: Oh, of regular season.)

714

Connie
Triple Stumper
    $800 11
(Kennesaw Mountain) Landis

Paul
    $800 16
extracurricular

Alison
    $800 24
Claudius

Paul
    $800 28
cheese

Paul
    $1000 6
(Alison: Who is Methuselah?)

Adam

ConnieAlison
    $1000 30
(Connie: What is... 7? No, it's not 7.)
(Alex: He batted [*]. Lou Gehrig batted cleanup. You knew that?)
(Connie: But I didn't say it.)
(Alex: But you didn't say it. Your brain got in the way.)

3

Connie
Triple Stumper
    $1000 12
the World Court

Paul
    $1000 17
extinct

Connie
    $1000 25
the Flavian dynasty

Triple Stumper
    $1000 29
lace

Alison

Scores at the first commercial break (after clue 15):

Paul Connie Alison
$2,400 $2,800 $1,300

Scores at the end of the Jeopardy! Round:

Paul Connie Alison
$5,000 $4,000 $3,100

Double Jeopardy! Round responses

SENATOR RHYME TIME
BROADWAY'S HAL PRINCE
(Alex: A very talented man.)
A KITTY CAT-EGORY
SOLDIER, I'VE GOT NEWS FOR YOU
MUSICAL LIT
ANAGRAMMED FOOD & DRINK
    $400 3
Joe's foes

Paul
    $400 26
Cabaret

Paul
    $400 1
(Paul: What is the leopard?)

the jaguar

PaulAlison
    $400 14
marksmanship (or shooting)

Connie
    $400 11
(Captain) Nemo

Alison
    $400 15
plums (from slump)

Connie
    $800 4
Lott's robots

Paul
    $800 27
West Side Story

Paul
    $800 2
tiger

Paul
    $800 18
corporal

Paul
    $800 12
Macbeth

Paul
    $2,000 16
(Connie: Mmm...)

crabs (from carbs)

Connie
    $1200 5
(Alison: Who are Todd's gods?)
...
(Alex: You made a mistake with one letter of his name. It's Senator Christopher [*], not Todd.)

Dodd's gods

Alison
Triple Stumper
    $1200 28
(Connie: What is La bohème?)
(Alison: What is Les Misérables?)

The Phantom of the Opera

ConnieAlison
Triple Stumper
    $1200 8
a lynx

Connie
    $1200 23
101st (Airborne)

Alison
    $1200 13
a Stradivarius

Paul
    $1200 17
steak (from takes)

Paul
    $1600 6
(Paul: What is Kay's bays?)

Kay's hays

PaulAlison
    $1600 29
A Funny Thing Happened on the Way to the Forum

Alison
    $1600 9
a cheetah

Connie
    $3,000 24
captain

Alison
    $1600 19
Esmeralda

Alison
    $1600 21
okra (from Karo)

Alison
    $2000 7
Lamar's cars

Alison
    $2000 30
Damn Yankees

Alison
    $2000 10
the ocelot

Triple Stumper
    $2000 25
the Distinguished Service Cross

Connie
    $2000 20
The House of the Seven Gables

Triple Stumper
    $2000 22
cider (from riced)

Alison

Scores at the end of the Double Jeopardy! Round:

Paul Connie Alison
$10,200 $6,400 $18,100

[wagering suggestions for these scores]

Final Jeopardy! Round responses

U.S. BODIES OF WATER
ConnieWhat are Michigan and Huron
$6,300
PaulWhat are Michigan & Superior?
$6,700
AlisonWhat are Superior + Michigan?
$2,700
Lake Michigan & Lake Erie

Final scores:

Paul Connie Alison
$3,500 $100 $15,400
2nd place: $2,000 3rd place: $1,000 New champion: $15,400

Game dynamics:

Coryat scores:

Paul Connie Alison
$10,200 $8,400 $16,800
18 R,
2 W
15 R,
4 W
(including 1 DD)
18 R
(including 2 DDs),
3 W

Combined Coryat: $35,400

[game clues] [game scores] [suggest correction]

Game tape date: 2006-12-13
The J! Archive is created by fans, for fans. Scraping, republication, monetization, and malicious use prohibited; this site may use cookies and collect identifying information. See terms. The Jeopardy! game show and all elements thereof, including but not limited to copyright and trademark thereto, are the property of Jeopardy Productions, Inc. and are protected under law. This website is not affiliated with, sponsored by, or operated by Jeopardy Productions, Inc. Join the discussion at JBoard.tv.